00990nam a2200289 i 4500952013800000999001700138001000800155003000400163005001700167008004100184010001700225020001800242040001800260043001200278050001900290082002100309100003800330245005300368260003900421300003400460500002000494504003200514650003300546651002800579906004500607942004800652 00102ddc40708ECONOMICSaMESbMEScECO d2019-02-20g185.00l0o330.95405 ADH/Ep31177r2019-02-20 00:00:00w2019-02-20yBKzGL4R2 c10958d109583242132OSt20191227113825.0791023s1978 ii a b 001 0 eng  a 79903086  c9788180542398 aDLCcDLCdDLC aa-ii---00aHF5349.I5bA6400a330.95405bADH/E1 aAdhikary, Manabendra,d1941-983110aEconomic environment of business /cM. Adhikary. aNew Delhi :bSultan Chand,cc1978. axiv, 466 p. :bill. ;c23 cm. aIncludes index. aBibliography: p. [458]-462. 0aBusiness enterpriseszIndia. 0aIndiaxEconomic policy. a7bcbccorignewd4encipf19gy-gencatlg 2ddccBKh330.95405iADH/Ek330.95405mADH/E